Sociology of Healthcare: A Reader for Health Professionals (Record no. 618174)

MARC details
000 -LEADER
fixed length control field 00567nam a2200193 a 4500
008 - FIXED-LENGTH DATA ELEMENTS--GENERAL INFORMATION
fixed length control field 260330s2026##################000#0#eng##
020 ## - INTERNATIONAL STANDARD BOOK NUMBER
ISBN 9781403940803
Paper back/Hardbound pbk
082 04 - DEWEY DECIMAL CLASSIFICATION NUMBER
Classification number 362.1 EAR
100 ## - MAIN ENTRY--AUTHOR NAME
Personal name /Edited Earle Sarah
245 10 - TITLE STATEMENT
Title Sociology of Healthcare: A Reader for Health Professionals
Statement of responsibility, etc /Edited Sarah Early
250 ## - EDITION STATEMENT
Edition statement 1st ed.
260 ## - PUBLICATION, DISTRIBUTION, ETC. (IMPRINT)
Name of publisher Palgrave Macmillan,
Year of publication 2008
300 ## - PHYSICAL DESCRIPTION
Number of Pages xvii,317p.
Dimensions 24cm.
650 ## - SUBJECT ADDED ENTRY--TOPICAL TERM
Topical Term Social welfare problems & services
700 ## - ADDED ENTRY--PERSONAL NAME
Personal name Sarah Early
Personal name Gayle Letherby
942 ## - ADDED ENTRY ELEMENTS (KOHA)
Koha item type English Books
Holdings
Withdrawn status Lost status Damaged status Not for loan Home library Current library Shelving location Date acquired Full call number Accession Number Price effective from Koha item type
        Anna Centenary Library Anna Centenary Library 4TH FLOOR, A WING 30.03.2026 362.1 EAR 305265 30.03.2026 English Books

Find us on the map